• 首页
  • 本馆介绍
  • 公告通知
  • 最新文献
  • 馆藏检索
  • 电子资源
  • 读者导购
  • 参考咨询
  • 我的图书馆
  • 登录
  • 详细信息显示
  • 放入我的书架
  • 预约/预借图书
  • 作者相关作品
  • 分类相关作品
  • 丛书相关作品
  • 出版社相关作品

书目信息

  • 表格格式
  • 工作单格式
  • 卡片格式
题名:
汉书窥管
    
 
作者: 杨树达 著
分册:  
出版信息: 上海   上海古籍出版社  1984.1
页数: 845页
开本: 20cm
丛书名:
单 册:
中图分类: K234.07
科图分类:
主题词: 中国--古代史--封建社会
电子资源:
ISBN:
000 00573nam0 2200217 45
001 0312221749
005 20040505085028.5
010    @b精装@dCNY4.00
091    @a11186.60
100    @a20031222d1984 km y0chiy0120 ea
101    @achi
105    @a z 000yy
200 1  @a汉书窥管@AHan Shu Kui Guan@f杨树达著@FYang Shu Da Zhu
210    @a上海@c上海古籍出版社@d1984.1
215    @a845页@c照片@d20cm
300    @a杨树达文集之十
606 0  @a中国@x古代史@x封建社会
690    @aK234.07@v3
701 0  @a杨树达@4著
801    @aCN@bTSTCL@c20031222
905    @dK234.07@e11
    
    汉书窥管/杨树达著.-上海:上海古籍出版社,1984.1
    845页:照片;20cm
    杨树达文集之十
    
    ISBN (精装):CNY4.00
    
●
相关链接 在E读中查询图书 在五车中查询图书 在当当中查询图书 在豆瓣中查询图书


正题名:汉书窥管     索取号:K234.07/11         预约/预借

序号 登录号 条形码 馆藏地/架位号 状态 备注
1 0135852   001280526   第二借阅区/ [索取号:K234.07/11] 在馆    
2 0135853   001280535   第二借阅区/ [索取号:K234.07/11] 在馆    
3 0135854   202446727   第二样本阅览室/ [索取号:K234.07/11] 在馆    
唐山师范学院图书馆 欢迎您!
大连网信软件有限公司© 版权所有